000 00478nam a2200181Ia 4500
003 OSt
005 20251230150411.0
008 210210b1946 xxu||||| |||| 00| 0 eng d
040 _cAL
041 _aKannada
082 _a859/2089
100 _aSHANMUKHAYYA (Y M)
_9156911
_dಷಣ್ಮುಖಯ್ಯ (ವೈಎಂ)
245 _aSandhya:
_bಸಂಧ್ಯಾ
260 _aBengaluru
_b-
_c1946
690 _aKannada Fiction
_9156912
906 _a022806
942 _2ddc
_cBK
999 _c147441
_d147441